Systems & Theories in Psychology (Record no. 635)

MARC details
000 -LEADER
fixed length control field 00313nam a2200109 4500
008 - FIXED-LENGTH DATA ELEMENTS--GENERAL INFORMATION
fixed length control field 160623b xxu||||| |||| 00| 0 eng d
100 ## - MAIN ENTRY--PERSONAL NAME
9 (RLIN) 792
Personal name Marx, M.H
245 ## - TITLE STATEMENT
Title Systems & Theories in Psychology
260 ## - PUBLICATION, DISTRIBUTION, ETC. (IMPRINT)
Place of publication, distribution, etc. N.Y
Name of publisher, distributor, etc. McGraw Hill Book.Com.Inc.
Date of publication, distribution, etc. 1979
300 ## - PHYSICAL DESCRIPTION
Extent Systems & Theories in Psychology
942 ## - ADDED ENTRY ELEMENTS (KOHA)
Source of classification or shelving scheme Dewey Decimal Classification
Koha item type BOOK
Holdings
Withdrawn status Lost status Source of classification or shelving scheme Damaged status Not for loan Home library Current library Date acquired Total Checkouts Full call number Barcode Date last seen Date last checked out Price effective from Koha item type
    Dewey Decimal Classification     Good Samaritan School Library Good Samaritan School Library 06/23/2016 1 MAR150 A-11 MAR1426 12/29/2021 11/12/2021 06/23/2016 BOOK

Powered by Koha